<?xml version="1.0" encoding="UTF-8"?>
<record
    xmlns:xsi="http://www.w3.org/2001/XMLSchema-instance"
    xsi:schemaLocation="http://www.loc.gov/MARC21/slim http://www.loc.gov/standards/marcxml/schema/MARC21slim.xsd"
    xmlns="http://www.loc.gov/MARC21/slim">

  <leader>02592nam a2200373 i 4500</leader>
  <controlfield tag="003">DO-SdBNP</controlfield>
  <controlfield tag="005">20240228135811.0</controlfield>
  <controlfield tag="007">ta</controlfield>
  <controlfield tag="008">210721b2020    dr ac||| |||| 00| 0 spa d</controlfield>
  <datafield tag="020" ind1=" " ind2=" ">
    <subfield code="a">9789945613681</subfield>
  </datafield>
  <datafield tag="040" ind1=" " ind2=" ">
    <subfield code="a">DO-SdBNP</subfield>
    <subfield code="b">spa</subfield>
    <subfield code="c">BNPHU </subfield>
    <subfield code="e">rda</subfield>
  </datafield>
  <datafield tag="082" ind1=" " ind2="4">
    <subfield code="a">972.9356</subfield>
    <subfield code="b">B142n</subfield>
    <subfield code="2">22</subfield>
  </datafield>
  <datafield tag="100" ind1="1" ind2=" ">
    <subfield code="a">B&#xE1;ez P&#xE9;rez, Rafael Cucullo</subfield>
    <subfield code="9">34714</subfield>
  </datafield>
  <datafield tag="245" ind1="1" ind2="0">
    <subfield code="a">Nibaje, Maril&#xF3;pez y la Cruz de Maril&#xF3;pez / </subfield>
    <subfield code="c">Rafael Cucullo B&#xE1;ez P&#xE9;rez ; pr&#xF3;logo Ram&#xF3;n Morel Cerda ; edici&#xF3;n Aimara Vera River&#xF3;n.</subfield>
  </datafield>
  <datafield tag="264" ind1=" " ind2=" ">
    <subfield code="a">Santo Domingo :</subfield>
    <subfield code="b">Archivo General de la Naci&#xF3;n,</subfield>
    <subfield code="c">2020.</subfield>
  </datafield>
  <datafield tag="300" ind1=" " ind2=" ">
    <subfield code="a">180 p&#xE1;ginas : </subfield>
    <subfield code="b">ilustraciones y retratos ;</subfield>
    <subfield code="c">22 cm. </subfield>
  </datafield>
  <datafield tag="336" ind1=" " ind2=" ">
    <subfield code="2">rdacontent</subfield>
    <subfield code="a">texto</subfield>
    <subfield code="b">txt</subfield>
  </datafield>
  <datafield tag="337" ind1=" " ind2=" ">
    <subfield code="2">rdamedia</subfield>
    <subfield code="a">sin mediaci&#xF3;n</subfield>
    <subfield code="b">n</subfield>
  </datafield>
  <datafield tag="338" ind1=" " ind2=" ">
    <subfield code="2">rdacarrier</subfield>
    <subfield code="a">volumen</subfield>
    <subfield code="b">nc</subfield>
  </datafield>
  <datafield tag="490" ind1=" " ind2=" ">
    <subfield code="a">Archivo General de la Naci&#xF3;n</subfield>
  </datafield>
  <datafield tag="490" ind1=" " ind2=" ">
    <subfield code="a">Cuadernos populares ;</subfield>
    <subfield code="v">8</subfield>
  </datafield>
  <datafield tag="505" ind1="0" ind2=" ">
    <subfield code="a">Dedicatoria, 9.-- Agradecimientos, 11.-- Pr&#xF3;logo / Ram&#xF3;n Morel Cerda, 13.-- Datos del autor, 19.-- Nibaje, Maril&#xF3;pez y la Cruz de Maril&#xF3;pez. Forjadores de cultura e identidad nacional, 21.-- Nibaje, 21.-- &#xBF;De d&#xF3;nde desciende el nombre de Nibaje?, 22.-- Comienza mi recorrido por ese a&#xF1;ejo y querido barrio de Santiago de los Caballeros, 27.-- Maril&#xF3;pez, 82.-- El terremoto de 1946, 106.-- La Cruz de Maril&#xF3;pez, 134.-- Los Jazmines, 141.-- El deporte, 156.-- Los paseos y las giras, 159.-- Bailes hogare&#xF1;os, 167.-- El Carnaval y D&#xED;a de San Andr&#xE9;s en el barrio, 168.-- Intercambio alimentario de Viernes Santo, 170.-- Los apodos en la avenida, 170.-- El humor y los humoristas, 171.-- Personajes pintorescos, 171.-- Travesuras infantiles, 172.-- Modernidad del transporte, 172.-- La migraci&#xF3;n, 173.-- Los cuentos del barrio, 174.-- La nueva generaci&#xF3;n, 175.-- Modernizaci&#xF3;n vial, 176.-- Una acotaci&#xF3;n necesaria, 177.</subfield>
  </datafield>
  <datafield tag="590" ind1=" " ind2=" ">
    <subfield code="a">Inventariado, 2021 /LP

</subfield>
  </datafield>
  <datafield tag="651" ind1=" " ind2="4">
    <subfield code="a">Santiago de los Caballeros (Rep&#xFA;blica Dominicana)</subfield>
    <subfield code="x">Vida social y costumbres</subfield>
    <subfield code="9">81039</subfield>
  </datafield>
  <datafield tag="651" ind1=" " ind2="4">
    <subfield code="a">Santiago de los Caballeros (Rep&#xFA;blica Dominicana)</subfield>
    <subfield code="x">Historia local</subfield>
    <subfield code="9">81040</subfield>
  </datafield>
  <datafield tag="651" ind1=" " ind2="4">
    <subfield code="a">Nibaje (Santiago de los Caballeros, Rep&#xFA;blica Dominicana)</subfield>
    <subfield code="x">Historia local </subfield>
    <subfield code="9">81041</subfield>
  </datafield>
  <datafield tag="651" ind1=" " ind2="4">
    <subfield code="a">Marilopez (Santiago de los caballeros, Rep&#xFA;blica Dominicana)</subfield>
    <subfield code="x">Historia local</subfield>
    <subfield code="9">81042</subfield>
  </datafield>
  <datafield tag="651" ind1=" " ind2="4">
    <subfield code="a">Cruz de Maril&#xF3;pez (Santiago de los Caballeros, Rep&#xFA;blica Dominicana)</subfield>
    <subfield code="x">Historia local </subfield>
    <subfield code="9">81043</subfield>
  </datafield>
  <datafield tag="700" ind1="1" ind2=" ">
    <subfield code="a">Morel Cerda, Ram&#xF3;n,</subfield>
    <subfield code="e">pr&#xF3;logo</subfield>
    <subfield code="9">79330</subfield>
  </datafield>
  <datafield tag="700" ind1="1" ind2=" ">
    <subfield code="a">Vera River&#xF3;n, Aimara,</subfield>
    <subfield code="e">edici&#xF3;n</subfield>
    <subfield code="9">77931</subfield>
  </datafield>
  <datafield tag="830" ind1=" " ind2="0">
    <subfield code="a">Archivo General de la Naci&#xF3;n ; </subfield>
    <subfield code="p">Cuadernos populares</subfield>
    <subfield code="n">8</subfield>
    <subfield code="9">79328</subfield>
  </datafield>
  <datafield tag="910" ind1=" " ind2=" ">
    <subfield code="a">Validado. Control de calidad MFF</subfield>
  </datafield>
  <datafield tag="942" ind1=" " ind2=" ">
    <subfield code="2">ddc</subfield>
    <subfield code="c">LBS1</subfield>
  </datafield>
  <datafield tag="952" ind1=" " ind2=" ">
    <subfield code="0">0</subfield>
    <subfield code="1">0</subfield>
    <subfield code="2">ddc</subfield>
    <subfield code="5">1</subfield>
    <subfield code="7">0</subfield>
    <subfield code="8">PD</subfield>
    <subfield code="a">BNPHU</subfield>
    <subfield code="b">BNPHU</subfield>
    <subfield code="c">HD</subfield>
    <subfield code="d">2021-07-21</subfield>
    <subfield code="e">Dep&#xF3;sito Legal </subfield>
    <subfield code="o">BNPHU PD 972.9356 B142n</subfield>
    <subfield code="p">2021-25287</subfield>
    <subfield code="r">2021-07-21</subfield>
    <subfield code="w">2021-07-21</subfield>
    <subfield code="y">LBS1</subfield>
  </datafield>
  <datafield tag="952" ind1=" " ind2=" ">
    <subfield code="0">0</subfield>
    <subfield code="1">0</subfield>
    <subfield code="2">ddc</subfield>
    <subfield code="5">1</subfield>
    <subfield code="7">0</subfield>
    <subfield code="8">PD</subfield>
    <subfield code="a">BNPHU</subfield>
    <subfield code="b">BNPHU</subfield>
    <subfield code="c">HD</subfield>
    <subfield code="d">2021-07-21</subfield>
    <subfield code="e">Dep&#xF3;sito Legal </subfield>
    <subfield code="o">BNPHU PD 972.9356 B142n</subfield>
    <subfield code="p">2021-25288</subfield>
    <subfield code="r">2021-07-21</subfield>
    <subfield code="t">e.2</subfield>
    <subfield code="w">2021-07-21</subfield>
    <subfield code="y">LBS1</subfield>
  </datafield>
  <datafield tag="952" ind1=" " ind2=" ">
    <subfield code="0">0</subfield>
    <subfield code="1">0</subfield>
    <subfield code="2">ddc</subfield>
    <subfield code="5">6</subfield>
    <subfield code="7">0</subfield>
    <subfield code="8">DS</subfield>
    <subfield code="a">BNPHU</subfield>
    <subfield code="b">BNPHU</subfield>
    <subfield code="c">HD</subfield>
    <subfield code="d">2021-07-21</subfield>
    <subfield code="e">Dep&#xF3;sito Legal </subfield>
    <subfield code="o">BNPHU DS 972.9356 B142n</subfield>
    <subfield code="p">2021-25289</subfield>
    <subfield code="r">2021-07-21</subfield>
    <subfield code="t">e.3</subfield>
    <subfield code="w">2021-07-21</subfield>
    <subfield code="y">LBS1</subfield>
  </datafield>
  <datafield tag="999" ind1=" " ind2=" ">
    <subfield code="c">50155</subfield>
    <subfield code="d">50155</subfield>
  </datafield>
</record>
